| 000 | 00000cam 2200000zi 4500 |
| 001 | 9.958275 |
| 003 | CaOODSP |
| 005 | 20251212155424 |
| 006 | m o d f |
| 007 | cr |n||||||||| |
| 008 | 251212s1927 bccda ob f|0| 0 eng d |
| 040 | |aCaOODSP|beng|erda|cCaOODSP |
| 043 | |an-cn--- |
| 086 | 1 |aFs52-5/14-1927E-PDF |
| 100 | 1 |aBrocklesby, H. N., |eauthor. |
| 245 | 14|aThe determination of the vitamin A content of the liver oil of the Dog-fish, Squalus sucklii (Girard) / |cHorace N. Brocklesby. |
| 264 | 1|aPrince Rupert : |bBiological Board of Canada, |c1927. |
| 300 | |a1 online resource (9, [12] pages) : |bcharts, illustrations. |
| 336 | |atext|btxt|2rdacontent |
| 337 | |acomputer|bc|2rdamedia |
| 338 | |aonline resource|bcr|2rdacarrier |
| 490 | 1 |aManuscript reports of the experimental stations ; |vno. 14 |
| 500 | |aDigitized edition from print [produced by Department of Fisheries and Oceans]. |
| 504 | |aIncludes bibliographical references (page 9). |
| 650 | 0|aFish oils|xComposition. |
| 650 | 0|aDogfish. |
| 650 | 0|aVitamin A. |
| 650 | 6|aHuiles de poisson|xComposition. |
| 650 | 6|aChiens de mer. |
| 650 | 6|aVitamine A. |
| 710 | 2 |aBiological Board of Canada, |eissuing body. |
| 830 | #0|aManuscript reports of the experimental stations ;|vno. 14.|w(CaOODSP)9.948621 |
| 856 | 40|qPDF|s9.65 MB|uhttps://publications.gc.ca/collections/collection_2025/mpo-dfo/fs52-5/Fs52-5-14-1927-eng.pdf |